000 00593nam a2200181 a 4500
001 000046485
005 20201002052914.0
008 150819s2015 dr 000 0 spa d
020 _a9789945887471
040 _aDO-SdBNP
_bspa
_cBNPHU
082 _axxxx
_bxxxx
100 1 _aRivas, Mery Diana,
_d1943-
_974481
245 1 0 _aAsí nací /
_cMery Diana Rivas ; prólogo Jaime Rivas.
260 _a[s.l.] :
_bTalleres Gráficos,
_c2015.
300 _a80 p. ;
_c22 cm.
500 _aIncluye datos biográficos de la autora en la solapa de la contracubierta
700 1 2 _aRivas, Jaime,
_epról.
_974482
999 _c45974
_d45974